Statistics for Hard WW2 Quiz

Click here to take the quiz!

General Stats

  • This quiz has been taken 89 times
    (74 since last reset)
  • The average score is 19 of 47

Answer Stats

HintAnswer% Correct
Leader of the USSR in WW2?Joseph Stalin
84%
Emperor of JapanHirohito
81%
Battle where 4 aircraft carriers were destroyedMidway
76%
Second city to be nuked?Nagasaki
76%
Biggest tank battleKursk
73%
Only South American country to fight in WW2?Brazil
71%
Leader of UK at the Start of the war?Neville Chamberlain
70%
Germanys operation to invade the USSR?Barbarossa
67%
Chinese capital that when captured was raped and burnedNanking
65%
The original three that signed the Tripartite pact?Japan
62%
When did Liberia join the Allies?1944
60%
Germany
60%
Italy
60%
A famous German Battleship?Bismark
57%
What European country pushed Italy backGreece
57%
What were the only six European countries to stay neutralSan Marino, Andorra, Liechenstien, Switzerland and Sweden
57%
The Anschluss occoured to what country?Austria
56%
Germanys famous Tank commander?Rommel
52%
Romania
51%
A group that male children had to join GermanyThe Hitler Youth
49%
Other nations that joined the Tripartite pact?Bulgaria
48%
Hungary
46%
The region that the Germans pushed through to lock the Benelux forces in Belgium and to push past the Allies?Ardennes
44%
A civil war where Germany first tested out their guns and strategies?The Spanish civil war
44%
An Australian city that got bombed by the Japanese?Darwin
43%
Who clutched WW2?USSR
43%
What was the battle in Egypt were after the Italian forces were kicked out of Libya?El Alamein
40%
The pact between the USSR and the Third Reich splitting up eastern Europe?Molotov ribbentrop
35%
The infamous flight of a German head of state to negotiate peace with the BritishRudolf Hess
30%
The Australians were rats in this Italian colony cityTobruk
30%
Italy and Germany had a pact just between themselves?Pact of Steel
27%
Germany annex this region of Lithuania in 1939?Memel
24%
The American ToasterSherman
17%
A faction like the Axis signed between the three Communist nations?Comintern
16%
The nickname for Norwegan citizens who cooperated with German occupiers?Quislings
14%
Not recognised by other nations outside of the Axis?Slovakia
14%
Germanys aircraft carrier?Graf Zeppelin
11%
Operation for the Americans to attack Vichy France?Operation Torch
11%
The first place where a bombing raid occurred of only aircraft carried airpower?Taranto
10%
The track where the Australians fought to hold Papua new GuineaKokoda track
6%
The German who declared Total Mobilisation?Joseph Gobbels
5%
Japanese Soviet border conflictKhalkhin Gol
5%
What was the Secret British operation that saved thousands of Jewish children from Nazi Germany?Kindertransport
5%
Operation to push the Germans out of Leningrad?Operation Uranus
3%
The Soviets night witches were part of what air wing?588th night wing bomber regiment
2%
What type of plane from the UK sunk the most enemy shipping?Biplane
2%
Germanys operation to invade Norway and Denmark?Operation Weserburg
0%

Score Distribution

Percentile by Number Answered

Percent of People with Each Score

Your Score History

You have not taken this quiz since the last reset